000 00944nam a22003017a 4500
003 CHAP
005 20220329134009.0
008 971013s1929 r 00010 d
010 _a13817
011 _a14789
035 _a18863
040 _cCHAP
082 _a636.085
_bH45
100 0 0 _aHenry, William Arnon.
_953641
245 _aFeeds and feeding; a handbook for the student and stockman
250 _a19 ed.
260 _aIthaca :
_bHeny Morrison,
_c1929
300 _a770 p.
_b: ilus.
590 _aBATCH-UPD
_b10
_c20130110
_lUCH01
_h0129
590 _aBATCH-UPD
_b10
_c20130110
_lUCH01
_h2019
590 _aBATCH-UPD
_b10
_c20130410
_lUCH01
_h1337
590 _aCONVERSION
_b10
_c20130109
_lUCH01
_h1309
650 1 4 _aAlimentos y alimentacion del ganado.
_94326
901 _aBK
942 _cLIBRO
949 _a636.085 H45
_bBC
_cBPA
_d-43828
_eBPA
_h24311
_i18863
_si
949 _a636.085 H45
_bBC
_cBPA
_d-43829
_eBPA
_fc.2
_h24312
_i18863
_si
999 _c13817
_d13817